[Event "CAT-chT 2020"]
[Site "Catalonia"]
[Date "2020.01.25"]
[Round "2.10"]
[White "De La Plaza Gras, Jordi"]
[Black "Campos Cayuelas, Adria"]
[Result "1-0"]
[WhiteElo "2030"]
[BlackElo "2163"]
[Annotator "TA"]
[PlyCount "93"]
[EventDate "2020.01.18"]
[EventType "team-tourn"]
[EventCountry "ESP"]
[SourceTitle "playchess.com"]
[Source "ChessBase"]
[SourceQuality "1"]

{[%evp 9,93,0,27,-31,-12,-122,-109,-119,-103,-110,-118,-129,-138,-135,-150,-140,-102,-162,-162,-148,-145,-252,-258,-487,-493,-443,-151,-138,-89,-316,-317,-243,-296,-257,-244,-194,-182,-184,-68,-75,-66,-68,-67,-115,-80,-176,-98,-97,0,0,0,0,0,0,67,301,308,300,260,260,270,260,341,341,335,334,334,323,321,310,553,538,440,310,452,437,423,354,364,364,590,556,484,400,29988,12843]} 1. d4 Nf6 2. Bf4 g6 3. Nc3 d5 4. e3 Bg7 5. h4 c5 (5... c6 6. Be2 Qb6 7. Rb1 h5 8. Nf3 Bg4 9. Ne5 Bxe2 10. Qxe2 Nbd7 11. Qf3 Qa6 {0-1 (32) Karjakin,S (2750)-Yu,Y (2752) Saint Louis 2019}) 6. Be2 {A45: Trompowsky Attack} (6. Nb5 $11 Na6 7. Nf3) 6... Nc6 7. g4 $146 (7. h5 $11 {remains equal.} cxd4 8. exd4) ({Predecessor:} 7. h5 O-O 8. Qd2 Bf5 9. hxg6 Bxg6 10. Bf3 cxd4 11. exd4 {0-1 (44) Lumachi,G (2254)-Shyam,S (2509) Montebelluna 2018}) 7... Qa5 8. Kf1 {Black is better.} cxd4 9. exd4 O-O $1 10. g5 Ne4 11. Nxe4 dxe4 12. c3 Rd8 13. Qb3 (13. Bd2 $17 {was called for.}) 13... e5 $19 14. dxe5 Nxe5 15. Bxe5 (15. Qb5 $17 Qxb5 16. Bxb5) 15... Qxe5 (15... Bxe5 16. Bc4 $17) 16. Bc4 $2 (16. Re1) 16... Qf4 {...e3 is the strong threat.} 17. Re1 Bg4 $2 (17... Rd2 $19 {[%csl Gf4][%cal Rd2f2]} 18. Re2 e3 $1 {[%mdl 512]} 19. Bxf7+ Qxf7 20. Qxf7+ Kxf7) 18. Bd5 $17 Re8 {aiming for ...Rad8.} 19. Re3 $2 (19. Ne2 $17 Qf3 20. Ng3) 19... Rad8 $19 {Threatens to win with ...Re5.} 20. Ne2 Qf5 21. c4 Bf3 22. Ng3 Qf4 23. Ne2 Qe5 ({Black should try} 23... Qg4 $19 24. Rg1 Qh3+ 25. Ke1 Qh2) 24. Rxf3 $15 exf3 25. Qxf3 Re7 (25... Qxb2 26. Bxf7+ Kh8 27. Bxe8 $14) 26. Nc3 Qd4 27. h5 {[#]} (27. Kg2 $17 {might work better.}) 27... Qd2 ({Black should play} 27... b5 $1 $19 {[%mdl 512]} 28. h6 (28. Nxb5 Qxb2) 28... Bh8) 28. Ne4 $17 Rxe4 (28... Qxb2 $17 {Hoping for ...Rxd5!} 29. Kg2 Qe5) 29. Qxe4 $11 Bd4 {[%csl Gd4][%cal Rd2f2]} 30. Qh4 {Black must now prevent hxg6.} gxh5 {And now ...Kh8 would win.} 31. g6 $40 {[%mdl 128] White has some attack.} Qd1+ $2 {[%mdl 8192] [#]} (31... Qd3+ $11 {and Black stays safe.} 32. Kg2 Qxg6+ 33. Kf1 Qd3+ 34. Kg2 Rd6) 32. Kg2 $1 $18 {[%mdl 512]} Qg4+ 33. Qxg4 hxg4 34. gxf7+ {[%mdl 4096] Endgame KRB-KRB} Kg7 35. Rh4 ({Resist} 35. Bxb7 $6 Kxf7 36. Rxh7+ Kg6 $16) 35... Bc5 36. Rxg4+ Kf6 37. Rf4+ ({Don't do} 37. Bxb7 $6 Kxf7 38. Rg5 Bd4 $18) 37... Kg5 38. Kf3 b6 39. Ke4 a5 $2 (39... Bd6 {was worth a try.}) 40. Rf5+ Kg6 41. f4 h6 (41... Bd6 $142 42. Rg5+ Kf6) 42. Re5 Rf8 43. Re8 Kf6 44. f5 Kg7 $2 (44... Be7 {keeps fighting.} 45. Kf4 Bd6+ 46. Ke4 Be7) 45. Ke5 h5 46. Kf4 Rh8 {[#]} (46... Kf6 $18 47. Re6+ Kxf7) 47. f6+ $1 {Accuracy: White = 49%, Black = 38%.} 1-0

[Event "CAT-chT 2020"]
[Site "Catalonia"]
[Date "2020.01.25"]
[Round "2.10"]
[White "Magallanes, Gustavo"]
[Black "Boldu Soto, Roger"]
[Result "0-1"]
[WhiteElo "2001"]
[BlackElo "2060"]
[Annotator "NA RC"]
[PlyCount "82"]
[EventDate "2020.01.18"]
[EventType "team-tourn"]
[EventCountry "ESP"]
[SourceTitle "playchess.com"]
[Source "ChessBase"]
[SourceQuality "1"]
[TimeControl "5400+30"]

1. e4 e6 2. d3 d5 3. Qe2 d4 4. f4 c5 5. Nf3 Nc6 6. g3 Nf6 7. Bg2 Be7 8. O-O b6 9. c4 dxc3 10. bxc3 e5 11. Na3 exf4 12. gxf4 Bg4 13. h3 Bh5 14. Kh1 O-O 15. Nc4 Qc8 16. Qe3 Rd8 17. Bb2 b5 18. Nce5 Na5 19. Rac1 Ne8 20. Ne1 f6 21. N5f3 Bf7 22. a3 Nd6 23. Rc2 Rb8 24. Nh4 Be6 25. Qg3 f5 26. c4 Bf8 27. Be5 bxc4 28. dxc4 Rb3 29. Rc3 Rxc3 30. Qxc3 Naxc4 31. exf5 Bf7 32. f6 g6 33. Nd3 Ne3 34. Rg1 Nxg2 35. Kxg2 Qc6+ 36. Kh2 Ne4 37. Qc2 c4 38. Rg2 Rxd3 39. Nf5 Nxf6 40. Nd4 Qa6 41. f5 Bd6 0-1

[Event "CAT-chT 2020"]
[Site "Catalonia"]
[Date "2020.02.01"]
[Round "3.1"]
[White "Peralta, Fernando"]
[Black "Campos Moreno, Javier B."]
[Result "1-0"]
[WhiteElo "2574"]
[BlackElo "2406"]
[Annotator "TA"]
[PlyCount "64"]
[EventDate "2020.01.18"]
[EventType "team-tourn"]
[EventCountry "ESP"]
[SourceTitle "playchess.com"]
[Source "ChessBase"]
[SourceQuality "1"]

{[%evp 25,64,0,26,0,10,-25,0,0,25,22,30,9,27,26,32,22,30,13,27,28,22,27,23,0,34,30,43,6,24,18,35,45,41,30,41,35,52,59,52,38,92]} 1. d4 Nf6 2. c4 e6 3. Nf3 b6 4. a3 Bb7 5. Nc3 d5 6. cxd5 Nxd5 7. e3 Be7 8. Bb5+ c6 9. Bd3 O-O 10. O-O c5 11. e4 Nxc3 12. bxc3 Qc7 13. Qe2 Nd7 14. e5 {E12: Queen's Indian: Unusual White 4th moves, 4 a3, 4 Nc3 Bb7 5 a3 and 4 Nc3 Bb7} Rfd8 15. h4 Nf8 16. Be3 {The position is equal.} Qc6 17. h5 h6 {[#]} 18. Rfb1 $146 ({Predecessor:} 18. Rfd1 Rac8 19. a4 cxd4 20. cxd4 Bb4 21. Nh4 Be7 22. Nf3 Bb4 23. Rab1 a5 24. Kh2 Qxa4 25. Nh4 {0-1 (55) Sethuraman,S (2640)-Fedorchuk,S (2635) Bastia 2015}) 18... Nh7 19. Ne1 Ng5 20. f3 Rab8 21. a4 Qc7 22. Bf2 Bd5 23. f4 Nh7 $1 24. Kh2 cxd4 25. cxd4 Rbc8 26. Qb2 Qc3 {[#]} 27. a5 $1 {[%mdl 512]} Qxb2 (27... bxa5 28. Qxc3) 28. Rxb2 bxa5 29. Rxa5 Rd7 30. Nc2 {White is slightly better.} Bd8 31. Rc5 Ra8 $1 32. Nb4 Bb6 {Accuracy: White = 88%, Black = 82%.} (32... Be7 $14) 1-0

[Event "CAT-chT 2020"]
[Site "Catalonia"]
[Date "2020.02.01"]
[Round "3.1"]
[White "Perez Mitjans, Orelvis"]
[Black "Krysa, Leandro"]
[Result "1/2-1/2"]
[WhiteElo "2421"]
[BlackElo "2522"]
[Annotator "TA"]
[PlyCount "37"]
[EventDate "2020.01.18"]
[EventType "team-tourn"]
[EventCountry "ESP"]
[SourceTitle "playchess.com"]
[Source "ChessBase"]
[SourceQuality "1"]

{[%evp 12,37,5,4,7,-20,-5,-18,-20,-28,-19,-32,-7,-13,-13,-25,-16,-22,-21,-25,-13,-19,-13,-14,-15,-15,0,0]} 1. e4 e5 2. Nf3 Nc6 3. Bb5 a6 4. Ba4 Nf6 5. d3 d6 6. c4 Be7 7. Nc3 O-O {C77: Ruy Lopez: 3...a6 4 Ba4 Nf6, unusual lines} 8. Nd5 {[#]} Bg4 $146 ({Predecessor:} 8... Nxd5 9. cxd5 Nb8 10. h3 f5 11. Bd2 c5 12. dxc6 Nxc6 13. Qc1 Bd7 14. Bb3+ Kh8 15. Ng5 Bxg5 16. Bxg5 {0-1 (32) Skorna,U (2101)-Lacrosse,M (2225) Calvia 2006}) 9. Bxc6 bxc6 10. Nxf6+ Bxf6 11. h3 Bxf3 (11... Bd7 {seems wilder.} 12. c5 a5 13. Qc2 a4 14. O-O Qe7) 12. Qxf3 Bg5 13. O-O Rb8 14. Rb1 c5 15. Be3 a5 16. Qg4 {The position is equal.} Bxe3 17. fxe3 Qe8 18. Rf2 Qe6 19. Qxe6 {Accuracy: White = 90%, Black = 86%.} 1/2-1/2

[Event "CAT-chT 2020"]
[Site "Catalonia"]
[Date "2020.02.01"]
[Round "3.2"]
[White "Garriga Cazorla, Pere"]
[Black "Fluvia Poyatos, Joan"]
[Result "0-1"]
[WhiteElo "2486"]
[BlackElo "2462"]
[Annotator "TA"]
[PlyCount "162"]
[EventDate "2020.01.18"]
[EventType "team-tourn"]
[EventCountry "ESP"]
[SourceTitle "playchess.com"]
[Source "ChessBase"]
[SourceQuality "1"]

{[%evp 10,162,16,19,28,27,45,20,27,22,24,25,25,23,40,0,20,10,5,-4,44,25,30,0,35,0,0,-8,-10,-24,49,35,152,100,78,94,178,169,221,221,225,176,170,139,147,0,0,0,85,89,190,0,0,0,0,0,0,0,107,91,83,117,226,219,309,215,209,204,178,182,197,63,104,39,24,27,239,217,266,243,297,305,308,297,303,285,302,292,294,292,358,357,356,351,320,218,218,218,211,204,204,204,266,266,265,264,265,197,197,197,247,272,277,269,293,184,293,279,354,346,294,287,369,114,114,106,348,342,301,298,348,341,307,307,342,348,325,307,410,396,362,333,318,293,293,285,362,275,266,221,206,191,166,-29971,-12819]} 1. Nf3 Nf6 2. c4 e6 3. g3 d5 4. Bg2 c6 5. b3 Nbd7 6. O-O a5 {A13: English Opening: 1...e6.} 7. Nc3 Be7 8. d4 O-O {The position is equal.} 9. Qc2 b5 10. c5 b4 11. Na4 {[#]} Ne4 $146 ({Predecessor:} 11... Ba6 12. a3 bxa3 13. Rxa3 Ne4 14. Bb2 f5 15. Rfa1 Bb5 16. Nc3 Ndxc5 17. dxc5 Bxc5 18. Nxe4 Bxa3 19. Rxa3 fxe4 {1-0 (41) Zimmerman,Y (2250)-Sitnik,I (2380) Ceske Budejovice 1997}) 12. Bb2 Ba6 13. Ne1 f5 14. Nd3 Bb5 15. f3 $36 {[%mdl 2048] White has the initiative.} Ng5 $1 16. h4 Bxd3 17. Qxd3 (17. exd3 $5 {[%cal Rh4g5]} Nf7 18. Qd2 $14) 17... Nf7 18. Qe3 Qc7 19. Qxe6 {[%mdl 64] Double Attack} f4 (19... Nf6 $11) 20. gxf4 Bxh4 (20... Rae8 $14) 21. e4 (21. Qh3 $142 Be7 22. e4) 21... Bg3 $16 22. Bc1 $1 {Threatens to win with Qg4.} (22. exd5 cxd5 23. Bc1 (23. Qxd5 Bxf4 24. Bc1 Nf6 $11) 23... Nf6 $11) 22... h5 (22... Nf6 $16) 23. e5 {Bh3 is the strong threat.} (23. exd5 cxd5 24. Qf5 (24. Qxd5 Nf6 $16) 24... h4 $16) 23... h4 (23... Rfe8 {keeps fighting.} 24. Qh3 (24. Qg6 h4 $16) 24... h4) 24. Bh3 $18 Rad8 25. Qg6 {Black must now prevent Be6.} Rfe8 26. Qd3 Nf8 27. f5 (27. Nb6 $16) 27... Nxe5 $1 $11 28. dxe5 Qxe5 (28... Bxe5 $11 29. Rb1 Bd4+ 30. Qxd4 Qg3+ {[%mdl 64] Double Attack} 31. Bg2 Re2 {[%mdl 64] Double Attack}) 29. Bb2 $16 d4 (29... Qe2 $16 {was necessary.} 30. Qxe2 Rxe2) 30. Kh1 $2 (30. Rad1 $18) 30... Qe2 $11 {( -> ...Qh2#)} 31. Qxe2 Rxe2 32. Bg4 h3 33. Bxh3 {And now f4 would win.} Nh7 (33... Rh2+ $6 34. Kg1 $14) (33... Kf7 $1 $11 {keeps the balance.} 34. f4 Nd7) 34. f4 $1 $16 Nf6 (34... Rh2+ $2 35. Kg1 $18) 35. Rf3 Ne4 (35... Rh2+ $16 36. Kg1 Rxh3) 36. Bf1 $18 Rc2 (36... Rd2 $142) 37. Bd3 Nf2+ 38. Kg1 Nxd3 39. Rxd3 Bxf4 40. Rh3 (40. Re1 $1 $18) 40... d3 41. Rf3 ({White should try} 41. Rd1 $16) 41... d2 42. Rd1 ({Much weaker is} 42. Rxf4 d1=Q+ 43. Rxd1 Rxd1+ 44. Rf1 Rdd2 $17) 42... Rc1 $2 (42... Bh6 $11 {and Black is okay.}) 43. Rff1 Rxd1 44. Rxd1 Re8 {aiming for ...Re1+.} 45. Kf1 $1 Rf8 {[#]} 46. f6 $1 gxf6 47. Nb6 Kf7 48. Nc4 {[%mdl 64] Double Attack} Rd8 49. Ke2 Re8+ 50. Kd3 $1 Re1 51. Kc2 Ke6 52. Nxd2 Re2 53. Kd3 Re3+ 54. Kc4 Re2 55. Bc1 $1 f5 56. Kd4 Re5 57. Kd3 $1 {Strongly threatening Nf3.} Re3+ {[#]} 58. Kc2 $1 Rc3+ 59. Kb1 Rxc5 60. Nc4 Bxc1 61. Kxc1 {[%mdl 4096] Endgame KRN-KR} ({Don't do} 61. Rxc1 $6 f4 $18) 61... a4 62. Rh1 axb3 (62... f4 $142 63. Kc2 axb3+ 64. Kxb3 Rf5 65. Kxb4 Rf8) 63. axb3 Kf6 64. Kd2 Rd5+ 65. Ke3 c5 66. Rh8 $2 (66. Rh6+ $18 Kf7 67. Kf4) 66... Rd1 $16 67. Rc8 {Hoping for Rc6+.} Rb1 $2 (67... Rc1 $16 {might work better.}) 68. Nd2 $18 ({And not} 68. Rxc5 Rxb3+ 69. Kd4 Rh3 $11) 68... Rc1 69. Kf4 Ke6 {[#]} 70. Re8+ $1 Kd7 71. Re3 Kc6 72. Kxf5 Kb5 73. Ke4 Rc3 74. Rd3 Rc1 75. Ke3 Re1+ 76. Kf2 Rc1 77. Ke2 Rc3 78. Nc4 Rc2+ 79. Kd1 Rh2 80. Rd6 {[%csl Gc4][%cal Rd6b6]} Rh6 81. Na3+ $4 {[%mdl 8192]} (81. Kd2 $18 Rh2+ 82. Kd1 Rh1+ 83. Ke2 Rh2+ 84. Ke1 Rh1+ 85. Ke2 Rh2+ 86. Ke1 Rh1+ 87. Kd2 Rh2+ 88. Ke1) 81... bxa3 {Accuracy: White = 68%, Black = 53%.} 0-1

[Event "CAT-chT 2020"]
[Site "Catalonia"]
[Date "2020.02.01"]
[Round "3.2"]
[White "Gonzalez Rodriguez, Jorge A."]
[Black "Asis Gargatagli, Hipolito"]
[Result "0-1"]
[WhiteElo "2234"]
[BlackElo "2490"]
[Annotator "TA"]
[PlyCount "102"]
[EventDate "2020.01.18"]
[EventType "team-tourn"]
[EventCountry "ESP"]
[SourceTitle "playchess.com"]
[Source "ChessBase"]
[SourceQuality "1"]

{[%evp 9,102,0,16,9,7,-22,8,10,19,24,21,-2,-18,-12,-22,-37,-51,-43,-24,-152,-156,-226,-186,-239,-168,-91,-96,-220,-217,-204,-210,-194,-194,-204,-186,-560,-572,-1054,-591,-614,-306,-319,-313,-411,-410,-425,-422,-422,-422,-415,-419,-413,-393,-437,-443,-419,-161,-208,-186,-188,-103,-110,0,-72,0,0,0,0,0,0,0,0,118,116,153,0,96,0,0,-487,-479,-408,-8,-591,-582,-569,-544,-1354,-1320,-1116,-1119,-29985,-29986,-29986,-29987]} 1. b3 e5 2. Bb2 Nc6 3. e3 Nf6 4. Nf3 e4 5. Nd4 Bc5 6. Nxc6 {A01: Nimzowitsch-Larsen Opening} dxc6 7. Be2 {[#]} Qe7 $146 ({Predecessor:} 7... Bf5 8. O-O Qe7 9. d4 Bd6 10. c4 O-O-O 11. Nd2 h5 12. Re1 c5 13. Qc2 Bg6 {0-1 (29) Hara,C-Polonio,R (1913) Sao Paulo 2020}) 8. d4 {The position is equal.} exd3 9. cxd3 Bf5 10. O-O O-O-O 11. d4 Bd6 $36 {[%mdl 2048] Black has some pressure.} 12. Nd2 h5 13. h3 Rh6 14. Re1 (14. Nc4 $11) 14... Rg6 $1 $17 15. Kf1 (15. e4 $17 Bxh3 16. Bf1) 15... Bb4 16. Bf3 (16. Nf3 $142) 16... Bd3+ 17. Kg1 Qe6 18. a3 (18. e4 $17) 18... Bxd2 $1 $19 19. Qxd2 Be4 ({Not} 19... Qxb3 20. e4 $11) 20. Bxe4 Qxe4 {[%csl Gg6][%cal Re4g2]} 21. f4 Qf3 22. Qf2 $2 (22. Kh1 Ne4 23. gxf3 Nxd2 24. Re2 Nxf3 25. Rf1) 22... Qxh3 $1 23. f5 Rg5 24. e4 Qxb3 (24... Rg3 $142 {Strongly threatening ...Ng4.} 25. Re3 Rxg2+ $1 {[%mdl 576] Deflection} 26. Qxg2 Qxe3+ {[%mdl 64] Double Attack} 27. Qf2 Qxe4) 25. Re3 Qa4 26. Rae1 Ng4 {[%mdl 64] Double Attack} 27. Qf4 Nxe3 {[%mdl 64] Discovered Attack} 28. Qxg5 Nc2 29. Rf1 Qb5 30. Bc1 Nxd4 31. Qxg7 Ne2+ 32. Kh2 Qc4 $2 (32... Re8 33. e5 Qxe5+ 34. Qxe5 Rxe5) 33. Bg5 Re8 $1 34. e5 Qc5 (34... Qd5 $19 35. Bf6 b6) 35. Bf6 $17 b6 (35... Qxa3 $6 36. e6 $11) (35... Qf8 $1 $17 36. Qxf8 Rxf8) 36. Re1 (36. Qxf7 $11 {keeps the balance.} Rxe5 37. Qg8+ Kb7 38. Bxe5 Qxe5+ 39. Kh3 (39. g3 $2 h4 $19)) 36... Nd4 (36... Nf4 $17 {Threatens to win with ...Kb7.} 37. Qxf7 Rf8) 37. Qxf7 $11 {[%mdl 64] Double Attack} Nf3+ 38. Kg3 ({But not} 38. gxf3 Qf2+ 39. Kh3 Qxf3+ 40. Kh2 Qf2+ 41. Kh3 Qxf5+ 42. Kh2 Qf2+ 43. Kh3 Qf5+ 44. Kh2 Qf2+ 45. Kh3 Qf5+ $17) 38... Nxe1 39. Qxe8+ Kb7 {And now ...Qe3+ would win.} 40. Qxh5 {Black must now prevent Qe2.} Qxa3+ (40... Qe3+ $11 41. Kh2 Qf4+ 42. Kg1 Qd4+ 43. Kh2 Qf4+ 44. Kg1 Qd4+ 45. Kh2 Qf4+) 41. Kh2 $16 Qb2 {[%csl Ge1][%cal Rb2g2]} 42. Qg4 $2 (42. Qg6 $1 $16) 42... a5 (42... Nd3 $11) 43. Qg3 ({White should play} 43. Qe4 $16 Qd2 44. e6 Nxg2 45. Kg3 Qe3+ 46. Qf3) 43... Nc2 $11 44. Qg7 $2 {[%mdl 8192] [#]} (44. Bg7 $11 {and White is okay.}) 44... Ne3 $1 $19 45. Qg5 {[#]} Qf2 $2 (45... Qd4 $1 $19 {Hoping for ...b5.} 46. Bg7 Qe4) 46. Qg6 $2 {[%mdl 8192]} (46. e6 $11 Nxf5 47. Be5) 46... Nxf5 47. e6 Qf4+ 48. Kg1 Qe3+ 49. Kh2 Qxe6 50. g4 Qe2+ 51. Kg1 Ne3 {Accuracy: White = 42%, Black = 58%.} 0-1

[Event "CAT-chT 2020"]
[Site "Catalonia"]
[Date "2020.02.01"]
[Round "3.3"]
[White "Moskalenko, Viktor"]
[Black "Pi Pares, Albert"]
[Result "1-0"]
[WhiteElo "2471"]
[BlackElo "2230"]
[Annotator "TA"]
[PlyCount "65"]
[EventDate "2020.01.18"]
[EventType "team-tourn"]
[EventCountry "ESP"]
[SourceTitle "playchess.com"]
[Source "ChessBase"]
[SourceQuality "1"]

{[%evp 10,65,29,26,25,23,43,31,35,28,45,20,20,8,12,17,11,21,26,0,91,76,75,75,84,93,116,111,129,145,241,196,241,234,208,152,153,150,270,270,243,212,214,215,475,448,874,839,938,497,474,472,29980,29980,29978,29978,6411,311]} 1. d4 d5 2. c4 dxc4 3. e3 Nf6 4. Bxc4 e6 5. Qe2 a6 6. Nf3 b5 {D26: Queen's Gambit Accepted: 4 e3 e6 5 Bxc5 c5 sidelines} 7. Bd3 Bb7 8. a4 b4 {White is slightly better.} 9. Nbd2 Nbd7 10. e4 c5 11. e5 Nd5 {White must now prevent ...Nf4.} 12. Nc4 $36 {[%mdl 2048] [#] White is pushing.} cxd4 $146 ({Predecessor:} 12... h6 13. O-O g5 14. h3 Rg8 15. Bh7 Rg7 16. Be4 Rb8 17. g4 h5 18. Rd1 hxg4 19. hxg4 Be7 20. dxc5 Bxc5 {½-½ (20) Moranda,W (2334)-Tazbir,M (2309) Leba 2004}) 13. Bg5 Qb8 14. Nxd4 Nc5 (14... Be7 $11 {keeps the balance.} 15. Bd2 (15. Bxe7 Nf4 $11) 15... Nc5) 15. O-O $16 h6 16. Bd2 Nxd3 17. Qxd3 Be7 18. Qg3 Qa7 19. Nb3 Rc8 (19... Kf8 $16 {was called for.}) 20. Rac1 g5 21. Nd6+ Bxd6 22. Rxc8+ Bxc8 23. exd6 Bd7 (23... f6 $16) 24. Rc1 $18 f6 25. Be3 Qa8 26. Nc5 {Strongly threatening Qg4.} Rh7 $2 (26... Qd8 27. Nxa6 Qa8) 27. Qf3 Kf8 (27... Qd8 $142 28. Nxa6 Bc8) 28. Qe4 {[%mdl 64] [#] Double Attack} f5 29. Nxe6+ Kg8 30. Qxf5 {Qg6+ would kill now.} Nxe3 (30... Qe8 $18 31. Qxd5 Bxe6) 31. Qg6+ {[%mdl 64] Zwischenzug} ({Stronger than} 31. fxe3 Qe8 $17) 31... Kh8 32. fxe3 Qe8 33. Qxe8+ {Accuracy: White = 69%, Black = 57%.} 1-0

[Event "CAT-chT 2020"]
[Site "Catalonia"]
[Date "2020.02.01"]
[Round "3.3"]
[White "Piedra Salabarria, Ernesto"]
[Black "Sosa, Tomas Valentin"]
[Result "1/2-1/2"]
[WhiteElo "2299"]
[BlackElo "2508"]
[Annotator "TA"]
[PlyCount "108"]
[EventDate "2020.01.18"]
[EventType "team-tourn"]
[EventCountry "ESP"]
[SourceTitle "playchess.com"]
[Source "ChessBase"]
[SourceQuality "1"]

{[%evp 11,108,12,6,16,23,-33,-23,-13,-20,-17,-20,-15,-19,-39,-39,-39,-39,-41,-39,-65,-58,-52,-33,-33,-48,-133,-133,-133,-133,-133,-133,-133,-133,-133,-133,-133,-133,-133,-133,-133,-133,-133,-133,-133,-133,-133,-133,-133,-133,-133,-133,-133,-133,-133,-133,-133,-133,-133,-133,-133,-133,-133,-133,-133,-133,-133,-133,-133,-133,-133,-133,-133,0,-133,0,-133,-133,-133,-133,-133,-133,-133,-133,-133,-133,-133,-133,-133,0,-133,-104,-104,-104,-104,-103,-103,-103,-103,-103]} 1. d4 e6 2. Nf3 Nf6 3. Bf4 c5 4. e3 Nc6 5. c3 d5 6. Nbd2 Nh5 7. Bg5 {D02: 1 d4 d5 2 Nf3 sidelines, including 2...Nf6 3 g3 and 2...Nf6 3 Bf4} Qb6 8. Qb3 ({Better is} 8. dxc5 $11 Bxc5 9. b4) 8... h6 9. Bh4 {Black has an edge.} g5 10. Bg3 Nxg3 11. hxg3 Bg7 {[#]} 12. Qb5 $146 ({Predecessor:} 12. Qa3 cxd4 13. Nxd4 Bd7 14. Qb3 Qxb3 15. axb3 Ke7 16. b4 Bxd4 17. exd4 a5 18. bxa5 Nxa5 {½-½ (27) Kravtsiv,M (2654)-Kuzubov,Y (2660) Ankara 2018}) 12... c4 $36 {[%mdl 2048] Black has the initiative.} 13. Qxb6 axb6 14. a3 b5 15. Rc1 f5 16. Ng1 Bd7 17. Be2 Ke7 18. f4 (18. Bh5 $15) 18... g4 $17 19. Bd1 h5 20. Ne2 Bf6 21. Kf2 Rh6 22. Bc2 Na7 23. Rh2 Nc8 24. Rch1 Be8 25. Nc1 Kd8 26. Na2 Be7 27. Nb1 Bf7 28. Nb4 Kc7 29. Ke1 Na7 {[%cal Bc8a7,Ba7c6,Bc6b8,Bb8d7,Bd7f8,Bf8g6][%mdl 32]} 30. Kd2 Nc6 31. Na2 Rah8 32. Nc1 Nb8 33. Ne2 Nd7 34. Kc1 Nf8 35. Nd2 Ng6 36. Nf1 Be8 37. Bd1 Kb6 38. Bc2 Bd7 39. Nd2 Kc7 40. Bd1 Kd8 41. Bc2 Kc7 42. Bd1 $1 Be8 (42... Bc6 $17 43. Nf1 Bf6) 43. Bc2 (43. Nf1 $1 $11 {was the only way to keep the balance.}) 43... Bc6 44. Bd1 Kd8 45. Nf1 Ke8 46. Bc2 Kf7 47. Bd1 Kg7 48. Nd2 Be8 49. Bc2 Bc6 50. Bd1 $1 h4 51. gxh4 {Black is better.} Rxh4 52. Rxh4 Rxh4 53. Rxh4 Nxh4 54. g3 Ng6 {Accuracy: White = 89%, Black = 96%.} 1/2-1/2

[Event "CAT-chT 2020"]
[Site "Catalonia"]
[Date "2020.02.01"]
[Round "3.4"]
[White "Villanueva Faggiano, Mario Nicolas"]
[Black "Cruz, Filemon"]
[Result "1-0"]
[WhiteElo "2488"]
[BlackElo "2302"]
[Annotator "TA"]
[PlyCount "66"]
[EventDate "2020.01.18"]
[EventType "team-tourn"]
[EventCountry "ESP"]
[SourceTitle "playchess.com"]
[Source "ChessBase"]
[SourceQuality "1"]

{[%evp 13,66,20,25,16,18,0,14,1,13,0,0,0,29,43,69,68,70,37,52,25,92,95,125,110,83,43,55,45,52,56,130,120,106,106,166,162,169,157,172,159,158,162,210,183,337,337,827,837,792,783,1052,1040,1495,1445,1367]} 1. e4 c5 2. Nf3 d6 3. d4 cxd4 4. Nxd4 Nf6 5. Nc3 a6 6. Be3 e5 7. Nb3 Be7 8. h3 {B90: Sicilian Najdorf: Unusual White 6th moves, 6 Be3 Ng4 and 6 Be3 e5} Be6 9. g4 h6 10. Qf3 {The position is equal.} Nbd7 11. O-O-O Rc8 12. Nd5 Bxd5 (12... Nf8 {with more complications.} 13. Kb1 Ng6 14. Rg1 Nh7 15. Bb6 Qd7) 13. exd5 Nb6 14. Kb1 {[#]} Nfd7 $146 ({Predecessor:} 14... Qc7 15. Bxb6 Qxb6 16. Bd3 Qb4 17. Rhe1 Rc7 18. c3 Qb6 19. Nd2 Qa5 20. Be4 g6 {1-0 (57) Ni,H (2660)-Dzhumaev,M (2530) Kolkata 2012}) 15. Qe4 Qc7 16. Bd3 Nc4 (16... Nf6 $11 17. Bxb6 Qxb6 18. Qa4+ Kf8) 17. Bc1 Nf6 18. Qe2 b5 19. Bf5 Rb8 20. f4 exf4 21. Bxf4 Kf8 (21... g6 $1 $14) 22. Rhe1 Re8 23. Qf3 Nd7 (23... Bd8 $16) 24. Bxd7 $1 $18 Qxd7 25. Nd2 Rc8 26. Nxc4 Rxc4 27. Re2 {Strongly threatening Rde1.} Bh4 28. Rf1 {Black must now prevent Bxd6+!} Kg8 $2 {[#]} (28... Bf6 29. Qa3 Kg8 30. Qxd6 (30. Qxa6 Kh7 $16) 30... Qxd6 31. Bxd6 Rd4) 29. Bxd6 $1 {[%mdl 512]} Bf6 $2 {[#]} (29... Kh7) (29... Qxd6 30. Qxf7+) 30. Be7 $1 {[%mdl 512] White is clearly winning.} Rd4 (30... Bxe7 31. Qxf7+) 31. d6 b4 32. b3 Rxd6 33. Bxd6 Qxd6 {Accuracy: White = 91%, Black = 44%.} 1-0